| 000 | 00000nam##2200000za#4500 |
| 001 | 9.601124 |
| 003 | CaOODSP |
| 005 | 20210624205923 |
| 007 | cr ||||||||||| |
| 008 | 150406|2002||||xxc|||||o f|0| 0 fre|d |
| 022 | |a1717-7006 |
| 040 | |aCaOODSP|bfre |
| 043 | |an-cn--- |
| 086 | 1 |aFo123-1/103F-PDF |
| 110 | 1 |aCanada.|bRessources naturelles Canada. |bService canadien des forêts. |
| 245 | 13|aLa nouvelle carte des zones de rusticité des plantes pour le Canada - améliorations et perspectives / |h[ressource électronique]|c[par] Dan McKenney et Kathy Campbell. |
| 260 | |aSault Ste. Marie - Ontario : |bRessources naturelles Canada. |cc2002. |
| 300 | |a4p.|btableau |
| 490 | 1 |aFrontline, applications de recherche en foresterie. Note technique|x1717-7006|vN° 103 |
| 590 | |a12-28-Supp|b2012-06-15 |
| 720 | 1 |aMcKenney, Dan |
| 720 | 1 |aCampbell, Kathy |
| 775 | 08|tGetting into the zone - what does Canada's new plant hardiness zones map really mean? / |w(CaOODSP)9.570428 |
| 830 | #0|aFrontline, applications de recherche en foresterie. Note technique,|x1717-7006|vN° 103|w(CaOODSP)9.501401 |
| 856 | 40|ahttp://publications.gc.ca|qPDF|s91 Ko|uhttps://publications.gc.ca/collections/collection_2011/rncan-nrcan/Fo29-29-103-fra.pdf|yN° 103 |